Ruské a slovenské názvy pre bielu a čiernu farbu vo vzájomných vzťahoch

Ruské kolorizmy biely a čierny. Prehľad frekventovaných viacslovných pomenovaní a frazeologizmov, obsahujúce oba kolorizmy. Protiklady, do ktorých tieto viacslovné pomenovania frazeologického i nefrazeologického charakteru v ruštine a v slovenčine vstupujú. Asymetrie, ktoré medzi použitím jednotliv...

Descrizione completa

Salvato in:
Dettagli Bibliografici
Autore principale: Uličná, Martina, 1971-
Natura: Capitolo di libro
Lingua:slovacco
Soggetti:
Tags: Aggiungi Tag
Nessun Tag, puoi essere il primo ad aggiungerne!!

MARC

LEADER 00000naa a2200000 4500
001 0281151
005 20240502074353.1
041 0 |a slo 
044 |a SK 
245 1 0 |a Ruské a slovenské názvy pre bielu a čiernu farbu vo vzájomných vzťahoch  |c Martina Uličná 
520 |a Ruské kolorizmy biely a čierny. Prehľad frekventovaných viacslovných pomenovaní a frazeologizmov, obsahujúce oba kolorizmy. Protiklady, do ktorých tieto viacslovné pomenovania frazeologického i nefrazeologického charakteru v ruštine a v slovenčine vstupujú. Asymetrie, ktoré medzi použitím jednotlivých kolorizmov v oboch jazykoch existujú. 
610 2 0 |a ruština 
610 2 0 |a jazykoveda 
610 2 0 |a filológia 
610 2 0 |a jazyky cudzie 
100 1 |a Uličná, Martina, 1971-